| 000 | 00697cab a2200217 4500 | ||
|---|---|---|---|
| 001 | WB3446-02 | ||
| 008 | 090401t1998 xxu||||| |||| 00| 0 eng d | ||
| 035 | _a(Sirsi) u90038 | ||
| 041 | _aeng | ||
| 245 | _aConstruction firms margins rise | ||
| 260 | _c1998 | ||
| 350 | _a0 | ||
| 490 |
_aBuilding _v263(8066) 27 November 1998, 21(1) |
||
| 520 | _aThe top seventy construction firms are experiencing their best profit margins for fifteen years, according to Experian`s "Quarterly Health Check" survey. | ||
| 650 | _aCONSTRUCTION FIRMS | ||
| 650 | _aCONSTRUCTION MARKET | ||
| 650 | _aPROFIT MARGINS | ||
| 690 | _aBUILDING AND CONSTRUCTION-ECONOMICS | ||
| 942 | _n0 | ||
| 948 | _c01/12/1998 | ||
| 999 |
_c57016 _d57016 |
||